Management information systems

Αποθηκεύτηκε σε:
Λεπτομέρειες βιβλιογραφικής εγγραφής
Κύριος συγγραφέας: Kroenke, David
Άλλοι συγγραφείς: Hatch, Richard
Μορφή: Βιβλίο
Γλώσσα:English
Δημοσίευση: New York : McGraw Hill, 1994
Έκδοση:3rd ed.
Θέματα:
Ετικέτες: Προσθήκη ετικέτας
Δεν υπάρχουν, Καταχωρήστε ετικέτα πρώτοι!

MARC

LEADER 00000nam a2200000 i 4500
001 1/22138
008 950125s1994 eng d
020 |a 0-07-113422-0 
035 |l 10021843 
040 |a GR-MY-UA  |b gre  |e aacr 
041 0 |a eng 
082 0 |a 658.4038 
100 1 |a Kroenke, David. 
245 1 0 |a Management information systems /  |c David Kroenke ; Richard Hatch 
250 |a 3rd ed. 
260 |a New York :   |b McGraw Hill,   |c 1994 
650 0 0 |a Management information systems. 
700 1 |a Hatch, Richard. 
852 |a INST  |b CHIOS  |e 19950125  |h 658.4038 KRO  |p 005200003579  |q 005200003579  |t BK  |y 0 
909 |a Χ  |b 037897